000 01293nam a22002297a 4500
999 _c59900
_d59900
003 Ge_BSU
005 20230508163435.0
008 230508s2009 ge ||||| |||| 00| 0 geo d
020 _a9789941012730
041 _ageo
080 _a737(479.22) + 94(575.171) ფ-34
100 _aფაცია, დავით
_918033
245 _aჯალალ ად-დინ მანკბურნის ქართული მონეტები = The georgian coins of Jalal Ad-Din Mankburni /
_cდავით ფაცია, ირაკლი ფაღავა ; [მთ. რედ. ვაჟა ოთარაშვილი, სამეცნ. რედ. მაია პატარიძე].
264 _aთბილისი :
_b "ეროვნული მწერლობის" გამ-ბა,
_c2009.
300 _a76გვ. :
_bილ. ;
_c20სმ.
500 _aთავფურ., ტექსტი და გარეკანი ქართ. და ინგლ. ენ.
501 _aშენიშვნ. და გვ. 60-61.
504 _aბიბლიოგრ. ტექსტ.
653 _aქართული მონეტები
700 _aფაღავა, ირაკლი
_eავტორი
_918034
942 _2udc
_cBK